000 00273nam a2200085Ia 4500
245 0 _aIntroduction to integrated marketing communications
100 _a Koekemoer, Ludi Claremont [South Africa], 2011
_942137
942 _cBK
008 210817s9999 xx 000 0 und d
999 _c328758
_d328757